Demografický vývoj Európy
Analýza vývoja populácie v Európskej únii ako celku, v ktorej dochádza k postupnému starnutiu obyvateľstva, čo môže mať vplyv na výkonnosť jednotlivých ekonomík členských štátov a na zabezpečenie financovania potrieb populácie z verejných zdrojov.
Na minha lista:
| Autor principal: | |
|---|---|
| Formato: | Capítulo de Livro |
| Idioma: | eslovaco |
| Assuntos: | |
| Tags: |
Sem tags, seja o primeiro a adicionar uma tag!
|
MARC
| LEADER | 00000nla a2200000 4500 | ||
|---|---|---|---|
| 001 | 0166702 | ||
| 005 | 20240502072914.1 | ||
| 041 | 0 | |a slo | |
| 044 | |a SK | ||
| 245 | 1 | 0 | |a Demografický vývoj Európy |c Martin Grešš |
| 520 | |a Analýza vývoja populácie v Európskej únii ako celku, v ktorej dochádza k postupnému starnutiu obyvateľstva, čo môže mať vplyv na výkonnosť jednotlivých ekonomík členských štátov a na zabezpečenie financovania potrieb populácie z verejných zdrojov. | ||
| 610 | 2 | 0 | |a Európska únia |
| 610 | 2 | 0 | |a demografia |
| 610 | 2 | 0 | |a vývoj populačný |
| 610 | 2 | 0 | |a starnutie populácie |
| 610 | 2 | 0 | |a pôrodnosť |
| 610 | 2 | 0 | |a úmrtnosť |
| 100 | 1 | |a Grešš, Martin, 1978- | |